| 000 | 01082aam a2200325 i 4500 | ||
|---|---|---|---|
| 001 | 768714001 | ||
| 003 | CO-MdFUSB | ||
| 005 | 20210310162855.0 | ||
| 007 | ta | ||
| 008 | 200930t1937 enkabc|| |||| 00| 0 eng d | ||
| 020 | _a[No incluye ISBN] | ||
| 040 |
_bspa. _aCO-MdFUSB _cCO-MdFUSB _dCO-MdFUSBC _erda |
||
| 041 | _aeng | ||
| 082 |
_223 _a227.107 _bK59 |
||
| 100 |
_aKirk, Kenneth E. _eautor |
||
| 245 | 1 | 4 |
_aThe epistle to the Romans _c/ Kenneth E. Kirk |
| 264 | 1 |
_aOxford, England : _bThe Clarendon Press, _c[1937] |
|
| 264 | 4 | _c© 1937 | |
| 300 |
_a245 páginas _c; 19 cm |
||
| 336 |
_atexto _btxt _2rdacontent |
||
| 337 |
_2rdamedia _asin mediación _bn |
||
| 338 |
_2rdacarrier _avolumen _bnc |
||
| 490 | _aThe New Clarendon Bible | ||
| 505 | _aFecha y lugar de redacción. -- Destino e integridad. -- La iglesia de Roma. -- Propósito de la epístola. -- Estructura. --Las principales ideas de la epístola. | ||
| 563 | _aPasta dura | ||
| 630 | 7 |
_aBiblia. _pRomanos _xCrítica, interpretación, etc. |
|
| 942 | _cBK | ||
| 945 | _aJTF-925 | ||
| 999 |
_c46300 _d46300 |
||